Molecular biology of the cell (Registro nro. 21639)

Detalles MARC
000 -Cabecera
Campo de control interno 00945nam a2200265Ia 4500
005 - Fecha y hora del registro
control field 20260320113301.0
008 - Elementos de Longitud Fija
fixed length control field 260320s9999||||xx |||||||||||||| ||und||
020 ## - ISBN
ISBN 9780393884821
041 ## - Idioma
Codigo Idioma Inglés
082 ## - DEWEY y NOTACIÓN INTERNA
Dewey 572.8
Notación Interna A36
100 ## - AUTOR
Autor denominación Alberts, Bruce,
Término de relación autor
245 #0 - TÍTULO DE MATERIAL BIBLIOGRÁFICO
Título Molecular biology of the cell
Título paralelo
246 ## - TÍTULO TRADUCIDO
Título
Título paralelo
Autor
250 ## - EDICIÓN
Edición Seventh edition
260 ## - CIUDAD, EDITORIAL, AÑO
Ciudad New York :
Nombre de la Editorial W. W. Norton & Company,
Año 2022
300 ## - DESCRIPCIÓN
N° Páginas xxxviii, 1404 páginas :
Otros detalles figuras, graficos, tablas ;
Dimensiones 28 cm.
Material Adicional
440 ## - MENCIÓN DE SERIE
Título de la Serie
Número de Serie
Volumen de Serie
650 ## - TEMAS
Temas Tecnología (Ciencias Aplicadas)
653 ## - DESCRIPTORES
Lenguajes no controlado Biología molecular; La célula; Idioma : Inglés
654 ## - PROGRAMAS
Programa Dpto. de Ciencias de la Salud
700 ## - OTROS AUTORES
Otros autores Heald, Rebecca; Johnson, Alexander; Morgan, David [y otros tres],
Títulos y otras palabras asociadas con el nombre autores
856 ## - URL - UBICACIÓN
URI/URL: Enlace exacto del recurso <a href="https://accessmedicina-mhmedical-com.ucsp.lookproxy.com/Book.aspx?bookid=2817">https://accessmedicina-mhmedical-com.ucsp.lookproxy.com/Book.aspx?bookid=2817</a>
Nota pública: Versión digital <a href="Véase además: Biología celular y molecular. Conceptos y experimentos. Versión digital">Véase además: Biología celular y molecular. Conceptos y experimentos. Versión digital</a>
942 ## - ELEMENTOS DE KOHA
Tipo de documento Libro
Nombre del creador Justo Noguera
Código de catalogador Tania Ramirez
Esquema de clasificación Dewey Decimal Classification
Suppress in OPAC
Existencias
Codigo completo Registro Colección Copia número Disponibilidad Tipo de préstamo Biblioteca Actual Procedencia (Biblioteca) Ubicacón Fecha Ingreso Tipo de Adquisición Observación Date last seen Total checkouts Price effective from Tipo de Item Estado del Material Fuente de Clasificación Damaged status Withdrawn status
572.8 A36 1085186 Universidad Católica San Pablo 1 Disponible Disponible Víctor Andrés Belaunde Víctor Andrés Belaunde Segundo piso 10/03/2026 Compra Medicina 20/03/2026   20/03/2026 Libro Bueno Dewey Decimal Classification